Para Martine: de las ATP a Nanterre, pasando por otros lugares (notice n° 1908097)
[ vue normale ]
| 000 -LEADER | |
|---|---|
| fixed length control field | 01574cam a2200157 4500500 |
| 005 - DATE AND TIME OF LATEST TRANSACTION | |
| control field | 20260329020821.0 |
| 041 ## - LANGUAGE CODE | |
| Language code of text/sound track or separate title | fre |
| 042 ## - AUTHENTICATION CODE | |
| Authentication code | dc |
| 100 10 - MAIN ENTRY--PERSONAL NAME | |
| Personal name | Augustins, Georges |
| Relator term | author |
| 245 00 - TITLE STATEMENT | |
| Title | Para Martine: de las ATP a Nanterre, pasando por otros lugares |
| 260 ## - PUBLICATION, DISTRIBUTION, ETC. | |
| Date of publication, distribution, etc. | 2024.<br/> |
| 500 ## - GENERAL NOTE | |
| General note | 89 |
| 520 ## - SUMMARY, ETC. | |
| Summary, etc. | El trabajo de investigación depende en gran medida de la autonomía de los investigadores. Al elegir el terreno de estudio o al producir y analizar los datos, las posibilidades de producir una «buena» ciencia social se reducen considerablemente si se debe responder a las exigencias de una autoridad prescriptora o someterse a su censura. Sin embargo, hay espacios y actividades que, de entrada, no pueden transformarse en terrenos de investigación sin el riesgo de que el conocimiento resultante exponga a los sujetos estudiados a peligros que pueden llegar a ser vitales. El tiempo y el lugar de trabajo militar es uno de ellos. En este artículo se propone un método para «convencionalizar» este tipo de estudios, de manera que los etnógrafos puedan producir una «buena» ciencia social sobre el «hacer» de la guerra sin que el conocimiento publicado ponga en peligro la vida de los soldados. En términos más generales, se critica cualquier tendencia al exclusivismo metodológico y se aboga por una combinación de las formas de investigación. |
| 786 0# - DATA SOURCE ENTRY | |
| Note | Ethnologie française | 54 | 3 | 2024-11-15 | p. 129-132 | 0046-2616 |
| 856 41 - ELECTRONIC LOCATION AND ACCESS | |
| Uniform Resource Identifier | <a href="https://shs.cairn.info/revista-ethnologie-francaise-2024-3-page-129?lang=es&redirect-ssocas=7080">https://shs.cairn.info/revista-ethnologie-francaise-2024-3-page-129?lang=es&redirect-ssocas=7080</a> |
Pas d'exemplaire disponible.




Réseaux sociaux